| 000 | 00726nam a22002537i 4500 | ||
|---|---|---|---|
| 003 | URS | ||
| 005 | 20251001091328.0 | ||
| 008 | 181206s2012 -ph||||| |||| 00| 0 eng d | ||
| 020 | _a9716857412 | ||
| 040 |
_beng _erda _cURS |
||
| 050 | 1 | 4 |
_aLB 1025.3 _bSa314 2012 |
| 100 | 1 |
_aSalandanan, Gloria G, _eauthor |
|
| 245 | 1 | 0 | _aMethods of teaching / Gloria G. Salandanan. |
| 250 | _aSecond revised edition | ||
| 264 | 1 |
_aQuezon City _bLorimar Publishing _c2012. |
|
| 300 |
_a[X], 191 pages _c26 cm |
||
| 336 |
_atext _btxt _2rdacontent |
||
| 337 |
_aunmediated _bn _2rdamedia |
||
| 338 |
_avolume _bnc _2rdacarrier |
||
| 500 | _a Includes bibliographical references. | ||
| 526 | _aBSE | ||
| 650 | 0 | _aTeaching. | |
| 942 |
_cF _2lcc |
||
| 999 |
_c5796 _d5796 |
||